000 02831nas1a22005531 4500
001 RU\NLR\INFOCOMM44\1000017095
005 20260408150712.0
035 _a(NLR Aleph) 002511051
090 _a2679453
_c2679453
100 _a20040415c1958 u y0rusy50 ca
101 0 _arus
102 _aRU
110 _azyu||||0|y0
200 1 _aЛитература о Воронежской области
_eУказат. лит.
_fВоронеж. обл. упр. культуры. Воронеж. обл. б-ка им. И.С. Никитина
210 _aВоронеж
_cЦентр.-Черноземное кн. изд-во
_d1958-
712 0 2 _4570
_aВоронежская областная библиотека
_92694667
_3RU\NLR\AUTH\880637916
712 0 2 _4570
_aВоронежская областная универсальная научная библиотека им. И. С. Никитина
_9427981
_3RU\NLR\AUTH\889965847
801 0 _aRU
_bNLR
_gPSBO
801 1 _aRU
_bInfoComm
_c20040415
852 _aNLR
_jс585Вор/Л-64
852 _aNLR
_bС
_jП-1/1307
942 _cSE
980 _aNB
980 _aRUSPER